00828 2200289 4500001002100000005001700021008004100038020001800079035002400097082001000121090001700131100002000148245011200168250001100280260003500291300003000326500003100356650001700387700002600404700002800430700001800458850001300476980001500489985000600504986001300510999001500523YOGYA-0209000002050220090227023431.0 ind  a979-489-213-0 0010-020900000020502 a625.9 a625.9bPal M aPALUNGKUN, Rony aMenghijaukan ruangancRony Palungkun, Yovita Hety Indriani, Yustina Erna Widyastuti; ilustrasi Yoni Pribadi aCet. 2 aJakartabPenebar Swadayac1997 avii, 125 hlmbilusc20 cm aBibliografi : hlm. 123-125 aTanaman hias aIndriani, Yovita Hety aWidyastuti,Yustina Erna aPribadi, Yoni aYOPDYOGB a01-07-2006 a1 apklrtrev a97P0098863